| 000 | 01027cad a22002175a 4500 | ||
|---|---|---|---|
| 001 | L139694 | ||
| 008 | 070804s2007 xxk f 000 0 eng d | ||
| 035 | _a(Sirsi) u139694 | ||
| 041 | 0 | _aeng | |
| 050 | 0 | 4 | _a333.0062 $2 18 |
| 110 | 2 |
_aRoyal Institution of Chartered Surveyors _bProfessional Regulation and Consumer Protection _94348 |
|
| 245 | 0 | 0 |
_aMaintaining professional and ethical standards _bhelp sheet _h[electronic resource] |
| 260 |
_aLondon _bRICS _c2007 |
||
| 490 | 0 | _aRICS Help Sheet | |
| 520 | _aOutlines a set of 12 standards to help members achieve the high professional and ethical standards expected of them. RICS help sheets aim to provide guidance on ways of meeting the requirements of the RICS rules of conduct. | ||
| 590 | _aKA | ||
| 650 | 2 | 4 | _aRICS RULES OF CONDUCT |
| 690 | _aABOUT RICS-RICS PROFESSIONAL REGULATION AND CONSUMER PROTECTION-RICS RULES OF CONDUCT | ||
| 856 | 4 | 0 |
_uhttps://www.rics.org/newregulation/memhelp.html _zView the help sheet free of charge at www.rics.org... |
| 942 | _n0 | ||
| 999 |
_c107330 _d107330 |
||